<?xml version="1.0" encoding="UTF-8"?>
<record
    xmlns:xsi="http://www.w3.org/2001/XMLSchema-instance"
    xsi:schemaLocation="http://www.loc.gov/MARC21/slim http://www.loc.gov/standards/marcxml/schema/MARC21slim.xsd"
    xmlns="http://www.loc.gov/MARC21/slim">

  <leader>01933nam a22001817a 4500</leader>
  <controlfield tag="008">120611t        xxu||||| |||| 00| 0 eng d</controlfield>
  <datafield tag="020" ind1=" " ind2=" ">
    <subfield code="a">1861525362</subfield>
  </datafield>
  <datafield tag="050" ind1=" " ind2=" ">
    <subfield code="a">HF5657.4.D78</subfield>
  </datafield>
  <datafield tag="100" ind1=" " ind2=" ">
    <subfield code="a">Drury, Colin</subfield>
  </datafield>
  <datafield tag="245" ind1=" " ind2=" ">
    <subfield code="a">Management and cost accounting. /</subfield>
    <subfield code="c">Colin Drury.</subfield>
  </datafield>
  <datafield tag="250" ind1=" " ind2=" ">
    <subfield code="a">5th ed.</subfield>
  </datafield>
  <datafield tag="260" ind1=" " ind2=" ">
    <subfield code="a">New York:</subfield>
    <subfield code="b">Thomson,</subfield>
    <subfield code="c">c2000.</subfield>
  </datafield>
  <datafield tag="300" ind1=" " ind2=" ">
    <subfield code="a">xxx,1193p.</subfield>
    <subfield code="b">ill</subfield>
    <subfield code="c">26cm.</subfield>
  </datafield>
  <datafield tag="500" ind1=" " ind2=" ">
    <subfield code="a">Includes index.</subfield>
  </datafield>
  <datafield tag="505" ind1=" " ind2=" ">
    <subfield code="a">Contents: Introduction to management and cost accounting -- Introduction to management accounting -- An Introduction to cost terms and concepts -- Cost accumulation for inventory valuation and profit measurement -- Cost  assignment -- Accounting entries for a job costing system -- Process costing -- Joint and by product costing -- Income effects of alternative cost accumulation systems -- Information for decision-making -- Cost-volume-profit analysis -- Measuring relevant costs and revenues for decision-making -- Activity-based costing -- Pricing decisions and profitability analysis -- Decision-making under conditions of risk and uncertainty -- Capital investment decisions: 1 -- Capital investment decisions: 2 -- Information for planning, control and performance measurement -- The Budgeting process -- Management control systems -- Contingency theory and organizational and social aspects of management accounting -- Standard costing and variance analysis 1 -- Standard costing and variance analysis 2: further aspects -- Divisional financial performance measures -- Transfer pricing in divisionalized companies -- Cost management and strategic management accounting -- Cost management -- Strategic management accounting -- The Application of quantitative methods to management accounting -- Cost estimation and cost behavior -- Quantitative models for the planning and control of stocks -- The Application of linear programming to management accounting.</subfield>
  </datafield>
  <datafield tag="650" ind1=" " ind2=" ">
    <subfield code="b">Cost accounting.</subfield>
  </datafield>
  <datafield tag="942" ind1=" " ind2=" ">
    <subfield code="2">lcc</subfield>
    <subfield code="c">BK</subfield>
  </datafield>
  <datafield tag="999" ind1=" " ind2=" ">
    <subfield code="c">1227</subfield>
    <subfield code="d">8727</subfield>
  </datafield>
  <datafield tag="952" ind1=" " ind2=" ">
    <subfield code="0">0</subfield>
    <subfield code="1">0</subfield>
    <subfield code="2">lcc</subfield>
    <subfield code="4">0</subfield>
    <subfield code="7">0</subfield>
    <subfield code="a">WIUC-1</subfield>
    <subfield code="b">WIUC-1</subfield>
    <subfield code="c">GEN</subfield>
    <subfield code="d">2012-06-11</subfield>
    <subfield code="l">0</subfield>
    <subfield code="o">HF5657.4.D78</subfield>
    <subfield code="p">3127/12</subfield>
    <subfield code="r">2012-06-11 00:00:00</subfield>
    <subfield code="t">1</subfield>
    <subfield code="w">2012-06-11</subfield>
    <subfield code="y">BK</subfield>
  </datafield>
  <datafield tag="952" ind1=" " ind2=" ">
    <subfield code="0">0</subfield>
    <subfield code="1">0</subfield>
    <subfield code="2">lcc</subfield>
    <subfield code="4">0</subfield>
    <subfield code="7">0</subfield>
    <subfield code="a">WIUC-1</subfield>
    <subfield code="b">WIUC-1</subfield>
    <subfield code="c">GEN</subfield>
    <subfield code="d">2012-06-11</subfield>
    <subfield code="l">0</subfield>
    <subfield code="o">HF5657.4.D781</subfield>
    <subfield code="p">3128/12</subfield>
    <subfield code="r">2012-06-11 00:00:00</subfield>
    <subfield code="t">2</subfield>
    <subfield code="w">2012-06-11</subfield>
    <subfield code="y">BK</subfield>
  </datafield>
  <datafield tag="952" ind1=" " ind2=" ">
    <subfield code="0">0</subfield>
    <subfield code="1">0</subfield>
    <subfield code="2">lcc</subfield>
    <subfield code="4">0</subfield>
    <subfield code="7">0</subfield>
    <subfield code="a">WIUC-1</subfield>
    <subfield code="b">WIUC-1</subfield>
    <subfield code="c">GEN</subfield>
    <subfield code="d">2012-06-11</subfield>
    <subfield code="l">0</subfield>
    <subfield code="o">HF5657.4.D782</subfield>
    <subfield code="p">3129/12</subfield>
    <subfield code="r">2012-06-11 00:00:00</subfield>
    <subfield code="t">3</subfield>
    <subfield code="w">2012-06-11</subfield>
    <subfield code="y">BK</subfield>
  </datafield>
</record>
